000 00641nam a2200193Ia 4500
003 GCL
008 140319s9999 xx 000 0 ara d
040 _aGCL /
_cGCL
082 0 4 _a414.1
_bم ش
100 1 _aمحمود سليمان ياقوت
245 1 0 _aشرح جمل سيبوية /
_cمحمود سليمان ياقوت
260 _a[S.N] :
_bدار المعرفة الجامعية ،
_c1992
300 _a1105 ص
490 _aليد يبرد
_v0
650 0 4 _aاللغة العربية - النحو
650 0 4 _aالنحو - الجملة الاسمية
650 0 4 _aالنحو - الجملة الفعلية
942 _2ddc
_cBK
999 _c36744
_d36744